000 00905cam a2200265 a 4500
001 000006019
005 20200929151904.0
008 740208s1982 cl ab 001 0 spa
040 _aDO-SdBNP
_cspa
_dBNPHU
082 _axxx
_bS586p, 1982
100 1 _aSilva Galdames, Osvaldo,
_d1940-
_916955
245 1 0 _aPrehistoria de América /
_cOsvaldo Silva Galdames ; edición Mauricio Amster.
250 _a4a ed.
260 _aSantiago de Chile :
_bUniveritaria,
_c1982.
300 _ax, 225 p. :
_bil., retrs. ;
_c19 cm.
490 1 _aImagen de América Latina
504 _aBibliografía: p. 218-[224]
651 4 _aAmérica
_xHistoria
_9865
650 4 _aIndios de américa
_916956
651 4 _aAmérica
_xCivilización
_916957
651 4 _aAmérica
_xAntigüedades
_916958
650 4 _aArqueología americana
_916959
700 1 _aAmster, Mauricio,
_93441
830 0 _aImagen de América Latina
_916960
999 _c5815
_d5815